| 000 | 01083nam a2200301 a 4500 | ||
|---|---|---|---|
| 001 | BRL_1680 | ||
| 005 | 20190320211324.0 | ||
| 008 | 280414t--------mx-#######---#000-0#spa-# | ||
| 020 | _a9688006378 | ||
| 041 | _aspa | ||
| 044 | _amx | ||
| 050 | 4 |
_aF1219.1 _b.U55 1980 |
|
| 245 | 1 | 0 |
_aEl universo del amate _ccoordinación Gobi Stromberg ; fotografía Alfonso Muñoz. |
| 260 |
_aMéxico _bMuseo de Culturas Populares : CULTURA SEP : GV editores _c[1980] |
||
| 300 |
_a84 p. _bil. (algunas a color) _c22 cm. |
||
| 500 | _aAu1521 | ||
| 500 | _aVer también número de sistema 1053 perteneciente al Fondo Ruth Lechuga | ||
| 500 | _aVer también número de sistema 1435 perteneciente al Fondo Contemporáneo | ||
| 504 | _aBibliografía: p. 83 | ||
| 650 | 1 | 4 |
_aIndígenas de México _xPapel _zGuerrero _94696 |
| 650 | 1 | 4 |
_aArte popular _zGuerrero _94698 |
| 650 | 1 | 4 |
_aPapel hecho a mano _zMéxico _925690 |
| 651 | 4 |
_aGuerrero _yVida social y costumbres _927621 |
|
| 700 | 1 |
_aStromberg, Gobi _917041 |
|
| 700 | 1 |
_aMuñoz, Alfonso _eil. _927622 |
|
| 902 | _aGRL | ||
| 942 |
_2lcc _cB |
||
| 999 |
_c10489 _d10489 |
||